League of Legends - NA LCS Top 4 Teams - Statistics

General Stats
  • This quiz has been taken 275 times
  • The average score is 10 of 17
Answer Stats
Team % Correct
Cloud9
99%
Team SoloMid
97%
Team Liquid
95%
Counter Logic Gaming
93%
100 Thieves
89%
FlyQuest
86%
Dignitas
77%
Immortals
72%
Evil Geniuses
71%
Clutch Gaming
43%
Echo Fox
43%
Team Curse
35%
LMQ
24%
Good Game University
16%
Team Impulse
16%
Phoenix1
15%
Team Vulcun
12%
No matching quizzes found
Score Distribution
Percent of People with Each Score
Percentile by Number Answered
Your Score History
You have not taken this quiz